Submarine optical cable engineering (Record no. 80793)
[ view plain ]
| 000 -LEADER | |
|---|---|
| fixed length control field | 01117nam a2200229 a 4500 |
| 008 - FIXED-LENGTH DATA ELEMENTS--GENERAL INFORMATION | |
| fixed length control field | 211122s2018 ||||||||||||||||| || u |
| 020 ## - INTERNATIONAL STANDARD BOOK NUMBER | |
| International Standard Book Number | 9780128134757 |
| 050 ## - LIBRARY OF CONGRESS CALL NUMBER | |
| Classification number | TK 5661 Sub |
| 100 ## - MAIN ENTRY--PERSONAL NAME | |
| Personal name | Wei, Jiang |
| 245 10 - TITLE STATEMENT | |
| Title | Submarine optical cable engineering |
| Statement of responsibility, etc. | Edited by Ye Yincan; Jiang Xinmin; Pan Guoofi; and Jiang Wei |
| 260 ## - PUBLICATION, DISTRIBUTION, ETC. | |
| Place of publication, distribution, etc. | London, United Kingdom |
| Name of publisher, distributor, etc. | Academic Press |
| Date of publication, distribution, etc. | 2018 |
| 300 ## - PHYSICAL DESCRIPTION | |
| Extent | xvii, 356 pages : illustrations |
| 650 ## - SUBJECT ADDED ENTRY--TOPICAL TERM | |
| Topical term or geographic name entry element | CABLES, SUBMARINE |
| 650 ## - SUBJECT ADDED ENTRY--TOPICAL TERM | |
| Topical term or geographic name entry element | FIBER OPTIC CABLES |
| 650 ## - SUBJECT ADDED ENTRY--TOPICAL TERM | |
| Topical term or geographic name entry element | TELECOMMUNICATION CABLES |
| 700 ## - ADDED ENTRY--PERSONAL NAME | |
| Personal name | Ye, Yincan |
| 700 ## - ADDED ENTRY--PERSONAL NAME | |
| Personal name | Guofi, Pan |
| 700 ## - ADDED ENTRY--PERSONAL NAME | |
| Personal name | Xinmin, Jiang |
| 995 ## - | |
| -- | MAIN LIBRARY OPEN ACCESS |
| -- | 751270 |
| -- | CBU-MAIN LIBRARY (Kitwe) |
| -- | 140.00 |
| -- | TK 5661 Sub |
| -- | 1 |
| -- | AVAILABLE |
| -- | Nov 22, 2021 |
| -- | 751270 |
| -- | Main Library Open Access Collection |
| 995 ## - | |
| -- | MAIN LIBRARY OPEN ACCESS |
| -- | 751271 |
| -- | CBU-MAIN LIBRARY (Kitwe) |
| -- | 140.00 |
| -- | TK 5661 Sub |
| -- | 2 |
| -- | AVAILABLE |
| -- | Nov 22, 2021 |
| -- | 751271 |
| -- | Main Library Open Access Collection |
| 995 ## - | |
| -- | MAIN LIBRARY OPEN ACCESS |
| -- | 751272 |
| -- | CBU-MAIN LIBRARY (Kitwe) |
| -- | 140.00 |
| -- | TK 5661 Sub |
| -- | 3 |
| -- | AVAILABLE |
| -- | Nov 22, 2021 |
| -- | 751272 |
| -- | Main Library Open Access Collection |
| 999 ## - | |
| -- | 80793 |
| -- | 80793 |
| Withdrawn status | Lost status | Source of classification or shelving scheme | Damaged status | Not for loan | Permanent Location | Current Location | Shelving location | Date acquired | Total Checkouts | Full call number | Barcode | Date last seen | Copy number | Price effective from | Koha item type |
|---|---|---|---|---|---|---|---|---|---|---|---|---|---|---|---|
| CBU-MAIN LIBRARY, KITWE. | CBU-MAIN LIBRARY, KITWE. | 07/11/2023 | TK 5661 Sub | 751270 | 07/11/2023 | 1 | 07/11/2023 | MONOGRAPH | |||||||
| CBU-MAIN LIBRARY, KITWE. | CBU-MAIN LIBRARY, KITWE. | 07/11/2023 | TK 5661 Sub | 751271 | 07/11/2023 | 2 | 07/11/2023 | MONOGRAPH | |||||||
| CBU-MAIN LIBRARY, KITWE. | CBU-MAIN LIBRARY, KITWE. | 07/11/2023 | TK 5661 Sub | 751272 | 07/11/2023 | 3 | 07/11/2023 | MONOGRAPH |